000 00592nam a2200229 a 4500
001 nice12345678
003 IN_TiNIC
005 20260116014919.0
008 050524s1975 newa grp 000 0 eng
020 _a0131969986
_c300
082 0 0 _a291.23
_bKUB
100 _aKubler-Ross, Elisabeth
245 _aDeath, the Final Stage of Growth
260 _aNew Jersey
_bPrentice-Hall
_c1975
300 _a175p
500 _aincludes index and biblioraphy
505 2 _aAnnotated Bibliography
700 1 _aKubler-Ross, Elisabeth
902 _bSRS
942 _cBK
999 _c17522
_d17522